000 00364 a2200157 4500
001 75276
020 _a9788535921182
040 _cAnchieta - Colégio São Paulo
100 _aAndrade, Carlos Drummond de
240 1 0 _aSentimento do mundo
_lpor
245 1 0 _aSentimento do mundo
300 _a75
362 0 _a2012
650 4 _aPoesia brasileira
942 _cBK
999 _c75276
_d75276